Catálogo de las obras expuestas en el VII Salón Internacional de Arte Fotográfico / organizado por la Agrupación Fotográfica de Cataluña ; patrocinadr la Feria Oficial Internacional de Muestras de Barcelona
Descripción Física:
56 p. : fot. ; 25 cm
Materias:
Fotografia artística -- Exposicions
MARC
| LEADER | 00000nam a2200000Ia 4500 | ||
|---|---|---|---|
| 001 | 21951 | ||
| 003 | BGR | ||
| 005 | 20260324180124.0 | ||
| 008 | 160829s1948 xx 000 0 cat d | ||
| 080 | |a B-2-197 | ||
| 245 | |a Catálogo de las obras expuestas en el VII Salón Internacional de Arte Fotográfico / organizado por la Agrupación Fotográfica de Cataluña ; patrocinadr la Feria Oficial Internacional de Muestras de Barcelona | ||
| 260 | |a Barcelona : |b Miret, |c 1948 | ||
| 300 | |a 56 p. : |b fot. ; |c 25 cm | ||
| 590 | |a A la coberta: Palacio de proyecciones, recinto de la Feria de Muestras. Barcelona, 10 al 25 de junio de 1948. | ||
| 590 | |a Prové de 2556, exp. 1 | ||
| 650 | |a Fotografia artística |x Exposicions |9 35004 | ||
| 710 | 2 | |a Fira de Barcelona |9 55121 | |
| 710 | 2 | |a Agrupació Fotogràfica de Catalunya |9 70129 | |
| 901 | |a Arxiu | ||
| 942 | |n 1 |2 udc |c MON | ||
| 952 | |0 0 |1 0 |4 0 |6 B2197 |7 1 |9 53627 |a Arxiu |b Arxiu |d 2016-12-01 |l 0 |o B-2-197 |p 21951 |r 2016-12-01 00:00:00 |w 2016-12-01 |y ARXIU | ||
| 999 | |c 57493 |d 57493 | ||